000
00308nam a2200133Ia 4500
008
100328s9999 xx 000 0 und d
082
_b
62947
100
_a
Heggan Christiane
245
_a
Moment Of Truth.
260
_b
Mira.
630
_a
Moment Of Truth.
730
_a
Moment Of Truth.
942
_c
BOOK
999
_c
548875
_d
548872